Simulácia obsluhy vo vybranom podniku a pokus o optimalizáciu z hľadiska prestojov kanálov obsluhy bakalárska práca

Salvato in:
Dettagli Bibliografici
Autore principale: Balvanová, Ivana
Ente Autore: Fakulta hospodárskej informatiky EU. Katedra operačného výskumu a ekonometrie
Altri autori: Čemická, Katarína
Natura: Libro
Lingua:slovacco
Pubblicazione: Bratislava 2009
Tags: Aggiungi Tag
Nessun Tag, puoi essere il primo ad aggiungerne!!

MARC

LEADER 00000nam$a2200000$$$4500
001 0100981
005 20240318134158.4
041 0 |a slo 
044 |a SK 
245 1 0 |a Simulácia obsluhy vo vybranom podniku a pokus o optimalizáciu z hľadiska prestojov kanálov obsluhy  |b bakalárska práca  |c Ivana Balvanová ; škol. Katarína Čemická 
264 1 |a Bratislava  |c 2009 
300 |a 28 s. 
100 1 |a Balvanová, Ivana 
700 1 |a Čemická, Katarína 
710 2 |a Fakulta hospodárskej informatiky EU. Katedra operačného výskumu a ekonometrie